Seres de un día

Saved in:
書目詳細資料
主要作者: Heiremans Despouy, Luis Alberto (Author)
格式: 圖書
語言:西班牙语
出版: Santiago Zig Zag 1965
叢編:Biblioteca de Novelistas
主題:
標簽: 添加標簽
沒有標簽, 成為第一個標記此記錄!

MARC

LEADER 00000nam a2200000 a 4500
001 UCQ6571
003 CL-VaPUC
008 981016e19650000CL |||||||||||||||||spa|d
082 0 4 |a Ch863  |b HEI  |2 21 
100 0 |a Heiremans Despouy, Luis Alberto  |e author  |9 319024 
245 1 0 |a Seres de un día 
300 |a 246 p 
942 |c BK 
945 |d 19981016 00:00:00  |a lriquelm 
260 |a Santiago  |b Zig Zag  |c 1965 
650 0 |a Novelas chilenas   |9 265425 
650 0 |a Literatura chilena   |9 308278 
583 |a last modification  |c 19981016 00:00:00  |k Rodrigo Vera 
490 0 |a Biblioteca de Novelistas 
999 |c 276521  |d 276519 
952 |0 0  |1 0  |4 0  |6 CH_863_000000000000000_HEI_1965  |7 0  |8 A  |9 313795  |a BIBEDU  |b BIBEDU  |d 2019-11-20  |i 1483005  |o Ch863 HEI 1965  |p 1483005  |r 2019-11-20  |w 2019-11-20  |y BK  |k LIT